000 01260nam a2200217 4500
005 20250422094837.0
008 250422b |||||||| |||| 00| 0 eng d
020 _a9788178246864
037 _cTextual
040 _aRTL
_cRTL
084 _aY5926(NA,6).2 R2
_qRTL
100 _aTilche, Alice
_9752681
245 _aAdivasi art and activism: Curation in a nationalist age
260 _aRanikhet
_bPermanent Black
_c2022
300 _aix, 244p p. : ill.
_bIncludes bibliographical references and index
520 _aAs India consolidates an aggressive model of economic development, indigenous tribal people – the Adivasis – continue to be overrepresented among the country's poor. Adivasis make up more than eight hundred communities in India, with a total population of more than a hundred million people speaking more than three hundred different languages. Although their historical presence is acknowledged by the state and they are lauded as part of India's ethnic identity, their poverty has been compounded by the suppression of their cultural heritage and lifestyle.
650 _aAdivasi- India
_9752682
650 _aTribal art
_9752683
650 _aTribe- museums- India
_9752684
942 _2CC
_n0
_cTB
_hY5926(NA,6).2 R2
999 _c1309269
_d1309269